000 00368nam a2200157Ia 4500
008 230524s9999 xx 000 0 und d
082 _a629.831
_bGHO
100 _aSamarajit Ghosh
245 0 _aControl System
250 _a1ST
260 _aNEW DELHI
_bPearson
_c2005
300 _aXVI;667
500 _aQuantity Number: 13
650 _aElectrical
942 _cBK
999 _c32434
_d32434